Sinter ... informačný bulletin Slovenského múzea ochrany prírody a jaskyniarstva v Liptovskom Mikuláši

Bibliographic Details
Other Authors: Šubová, Dana, 1952- (Editor), Holúbek, Peter, 1966- (Editor), Balášková, Karolína (Editor), Farkašovská, Eva, 1986- (Editor)
Format: Serial
Language:Slovak
PhysicalDescription:zv. fotogr., tab. 30 cm
Published: Liptovský Mikuláš Slovenské múzeum ochrany prírody a jaskyniarstva 1993-
ISBN:8088924219 (brož. : 10/2002)
808892426X (brož. : 11/2003)
8088924359 (brož. : 12/2004)
8088924383 (brož. : 13/2005)
8088924537 (brož. : 14/2006)
9788088924593 (brož. : 15/2007)
8096762729 (r. 3/1995)
8096762761 (r. 4/1996)
809676277X (r. 5/1997)
8096762788 (r. 6/1998)
8088924057 (r. 7/1999)
8088924111 (r. 8/2000)
8088924243 (brož. : 9/2001)
ISSN:1336-7595
Subjects:
Online Access:https://www.smopaj.sk/sk/sinter

MARC

LEADER 00000cas a2200000 a 4500
001 vtls001474267
003 SK-MaSNL
005 20260425194108.0
008 040503c19939999xo ar 0 0b0slo
015 |a SNBA1999/06-02328 (r. 1/1993)  |a SNBA1999/06-02289 (r. 2/1994)  |a SNBA1999/06-02278 (r. 3/1995)  |a SNBA1999/06-02181 (r. 4/1996)  |a SNBA1999/06-02290 (r. 5/1997)  |a SNBA1999/06-02182 (r. 6/1998)  |a SNBA2001/08-02697 (r. 7/1999)  |a SNBA2004/04-01508 (r. 8/2000)  |a SNBB2005/04-01066 (r. 9/2001)  |a SNBB2005/04-01067 (r. 10/2002)  |a SNBB2005/04-01068 (r. 11/2003)  |a SNBB2005/04-01069 (r. 12/2004)  |a SNBB2006/01-00277 (r. 13/2005)  |a SNBB2007/03-00819 (r. 14/2006)  |a SNBB2008/03-01087 (r. 15/2007)  |a SNBB2010/02-00930 (r. 16/2008)  |a SNBB2010/02-00931 (r. 17/2009)  |a SNBB2011/04-02987 (r. 18/2010)  |a SNBB2012/03-00604 (r. 19/2011)  |a SNBB2012/04-01185 (r. 20/2011)  |a SNBB2014-(r. 21/2012)  |a SNBB2015-(r. 22/2013, r. 23/2014)  |a SNBB2016-(r. 24/2015)  |a SNBB2017-(r. 25/2016)  |a SNBB2021-(r. 26/2017, r. 27/2018, r. 28/2019)  |a SNBB2022-(r. 29/2020)  |a SNBB2023-(r. 30/2021)  |a SNBB2024-(r. 31/2022) 
020 |a 8088924219 (brož. : 10/2002)  |z 8088924235 
020 |a 808892426X (brož. : 11/2003) 
020 |a 8088924359 (brož. : 12/2004) 
020 |a 8088924383 (brož. : 13/2005) 
020 |a 8088924537 (brož. : 14/2006) 
020 |a 9788088924593 (brož. : 15/2007) 
020 |a 8096762729 (r. 3/1995) 
020 |a 8096762761 (r. 4/1996) 
020 |a 809676277X (r. 5/1997) 
020 |a 8096762788 (r. 6/1998) 
020 |a 8088924057 (r. 7/1999) 
020 |a 8088924111 (r. 8/2000) 
020 |a 8088924243 (brož. : 9/2001) 
022 |a 1336-7595 
035 |a SNK000429568 
035 |a (SVKBB03)vtls000092847 
040 |a SNK  |b slo  |c SNK  |d SAVUK  |d SVKBB  |e AACR2 
041 0 |a slo  |b eng 
043 |a e-xo--- 
044 |a xo  |c SK 
072 7 |a 551  |x Geológia. Meteorológia. Klimatológia  |2 konspekt 
080 |a (437.6)  |2 2011 
080 |a (036)  |2 2011 
080 |a 502.17  |2 2011 
080 |a 069.5  |2 2011 
080 |a 551.44  |2 2001 
210 0 |a Sinter 
222 0 |a Sinter 
245 0 0 |a Sinter ...  |b informačný bulletin Slovenského múzea ochrany prírody a jaskyniarstva v Liptovskom Mikuláši 
260 |a Liptovský Mikuláš  |b Slovenské múzeum ochrany prírody a jaskyniarstva  |c 1993- 
300 |a zv.  |b fotogr., tab.  |c 30 cm 
310 |a 1x ročne 
362 0 |a 1 (1993)- 
500 |a Súčasťou názvu je označenie čísla 
500 |a Od č. 16 podnázov: časopis Slovenského múzea ochrany prírody a jaskyniarstva Liptovský Mikuláš ; od roč. 29/2020, časopis Slovenského múzea ochrany prírody a jaskyniarstva 
500 |a Od č. 16 sa ISBN neuvádza 
500 |a Editor: ?-28/2019, Dana Šubová ; 29/2020, Peter Holúbek ; 30/2021, Karolína Balášková ; 31/2022, Eva Farkašovská 
500 |a Od roč. 26/2017 názov bez označenia čísla 
500 |a Roč. 30/2021 má na obale uvedené: 100 rokov Jaskyne slobody v Demänovskej doline (1921) 
504 |a Bibliogr. odkazy 
515 |a V roč. 27/2018 vyšli 2 čísla, č. 2 je mimoriadne, venované 100. výročiu vzniku štátnej ochrany prírody na Slovensku 
546 |a Res. angl. 
610 2 7 |a Slovenské múzeum ochrany prírody a jaskyniarstva  |2 SNKKA  |9 234632 
650 0 7 |a speleológia  |2 SNKPH  |9 17878 
650 0 7 |a ochrana prírody  |2 SNKPH  |9 3778 
650 0 7 |a múzejné zbierky  |2 SNKPH  |9 69988 
650 0 7 |a Speleology  |2 SNKPHeng  |9 267494 
650 0 7 |a Nature conservation  |2 SNKPHeng  |9 266020 
650 0 7 |a Museum collections  |2 SNKPHeng  |9 265953 
651 7 |a Slovensko  |2 SNKPHgeo  |9 14231 
651 7 |a Slovakia  |2 SNKPHeng  |9 92630 
655 7 |a informačné publikácie  |2 SNKPH  |9 70181 
655 7 |a Information publications  |2 SNKPHeng  |9 265188 
700 1 |a Šubová, Dana,  |d 1952-  |4 edt  |9 38043 
700 1 |a Holúbek, Peter,  |d 1966-  |4 edt  |9 191766 
700 1 |a Balášková, Karolína  |4 edt  |9 267495 
700 1 |a Farkašovská, Eva,  |d 1986-  |4 edt  |9 180380 
852 |a Štátna vedecká knižnica v Banskej Bystrici 
856 4 |u https://www.smopaj.sk/sk/sinter 
910 |a snk 
910 |a savuk 
916 |a 1993-2014, 2015-2016, 2017-2019,2020 
919 |a 80-88924-24-3 
919 |a 80-88924-21-9 
919 |a 80-88924-26-X 
919 |a 80-88924-35-9 
919 |a 80-88924-38-3 
919 |a 80-88924-53-7 
919 |a 978-80-88924-59-3 
919 |a 80-967627-2-9 
919 |a 80-967627-6-1 
919 |a 80-967627-7-X 
919 |a 80-967627-8-8 
919 |a 80-88924-05-7 
919 |a 80-88924-11-1 
958 |a NB 
999 |c 3802  |d 5732 
952 |a SNK  |b SNK  |y PREZ  |7 0  |p 17A1204339  |o snkČSB 4734/24/2015 D1  |i snk2016/29107  |8 0  |z Číslo poskytuje informácie o činnosti múzea v roku 2015 ; vydané v roku 2016  |0 0  |1 0  |4 0  |d 2016-12-27  |l 0  |r 2026-02-21 19:35:39  |w 2026-02-21 
952 |a SNK  |b SNK  |y PREZ  |7 0  |p 17A0366064  |o snkČSB 4734/9/2001  |i snkPV 543/2004  |f 1  |0 0  |1 0  |4 0  |d 2004-05-03  |l 0  |r 2005-01-02 00:00:00  |w 2026-02-21 
952 |a SNK  |b SNK  |y PREZ  |7 0  |p 17A0366065  |o snkČSB 4734/9/2001 D1  |i snkPV 544/2004  |0 0  |1 0  |4 0  |d 2004-05-03  |l 0  |r 2005-01-02 00:00:00  |w 2026-02-21 
952 |a SNK  |b SNK  |y PREZ  |7 0  |p 17A0431033  |o snkČSB 4734/10/2002  |i snkPV 710/2004  |f 1  |0 0  |1 0  |4 0  |d 2004-05-17  |l 0  |r 2005-01-02 00:00:00  |w 2026-02-21 
952 |a SNK  |b SNK  |y PREZ  |7 0  |p 17A0431034  |o snkČSB 4734/10/2002 D1  |i snkPV 711/2004  |0 0  |1 0  |4 0  |d 2004-05-17  |l 0  |r 2005-01-02 00:00:00  |w 2026-02-21 
952 |a SNK  |b SNK  |y PREZ  |7 0  |p 17A0431424  |o snkČSB 4734/11/2003  |i snkPV 1084/2004  |f 1  |0 0  |1 0  |4 0  |d 2004-08-19  |l 0  |r 2005-01-02 00:00:00  |w 2026-02-21 
952 |a SNK  |b SNK  |y PREZ  |7 0  |p 17A0431425  |o snkČSB 4734/11/2003 D1  |i snkPV 1085/2004  |0 0  |1 0  |4 0  |d 2004-08-19  |l 0  |r 2005-01-02 00:00:00  |w 2026-02-21 
952 |a SNK  |b SNK  |y PREZ  |7 0  |p 17A0477730  |o snkČSB 4734/13/2005  |i snk2005/21332  |8 0  |f 1  |0 0  |1 0  |4 0  |d 2005-12-19  |l 0  |r 2026-02-21 19:41:58  |w 2026-02-21 
952 |t č. 1  |a SNK  |b SNK  |y PREZ  |7 0  |p 17A1521656  |o snkČSB 4734/30/2021  |i snk2023/16615  |8 0  |z Číslo poskytuje informácie o činnosti múzea za rok 2021 (v tiráži uvedené: Ochrana prírody a jaskyniarstvo v roku 2021 z pohľadu múzea) ; 100 rokov Jaskyne slobody v Demänovskej doline (1921)  |0 0  |1 0  |4 0  |d 2023-11-16  |l 0  |r 2026-02-21 19:51:20  |w 2026-02-21 
952 |t č. 1  |a SNK  |b SNK  |y PREZ  |7 0  |p 17A1521657  |o snkČSB 4734/30/2021 D1  |i snk2023/16617  |8 0  |z Číslo poskytuje informácie o činnosti múzea za rok 2021 (v tiráži uvedené: Ochrana prírody a jaskyniarstvo v roku 2021 z pohľadu múzea) ; 100 rokov Jaskyne slobody v Demänovskej doline (1921)  |0 0  |1 0  |4 0  |d 2023-11-16  |l 0  |r 2026-02-21 19:51:20  |w 2026-02-21 
952 |t č. 1-2  |a SNK  |b SNK  |y PREZ  |7 0  |p 17A1524131  |o snkČSB 4734/31/2022  |i snk2024/14230  |8 0  |z Číslo poskytuje informácie o činnosti múzea za rok 2022 (v tiráži uvedené: Ochrana prírody a jaskyniarstvo v roku 2022 z pohľadu múzea)   |0 0  |1 0  |4 0  |d 2024-09-16  |l 0  |r 2026-02-21 20:00:48  |w 2026-02-21 
952 |t č. 1-2  |a SNK  |b SNK  |y PREZ  |7 0  |p 17A1524132  |o snkČSB 4734/31/2022 D1  |i snk2024/14231  |8 0  |z Číslo poskytuje informácie o činnosti múzea za rok 2022 (v tiráži uvedené: Ochrana prírody a jaskyniarstvo v roku 2022 z pohľadu múzea)   |0 0  |1 0  |4 0  |d 2024-09-16  |l 0  |r 2026-02-21 20:00:48  |w 2026-02-21 
952 |a SNK  |b SNK  |y PREZ  |7 0  |p 17A1434600  |o snkČSB 4734/29/2020  |i snk2022/12732  |8 0  |z Číslo poskytuje informácie o činnosti múzea za rok 2020 (v tiráži uvedené: Ochrana prírody a jaskyniarstvo v roku 2020 z pohľadu múzea) ; vydané v r. 2021  |f 1  |0 0  |1 0  |4 0  |d 2022-08-17  |l 0  |r 2026-02-21 20:03:06  |w 2026-02-21 
952 |a SNK  |b SNK  |y PREZ  |7 0  |p 17A0582907  |o snkČSB 4734/15/2007 D1  |i snk2008/10228  |8 0  |0 0  |1 0  |4 0  |d 2008-05-12  |l 0  |r 2026-02-21 20:14:51  |w 2026-02-21 
952 |a SNK  |b SNK  |y PREZ  |7 0  |p 17A0635056  |o snkČSB 4734/17/2009  |i snk2010/4697  |8 0  |f 1  |0 0  |1 0  |4 0  |d 2010-03-09  |l 0  |r 2026-02-21 20:18:42  |w 2026-02-21 
952 |a SNK  |b SNK  |y PREZ  |7 0  |p 17A0635057  |o snkČSB 4734/17/2009 D1  |i snk2010/4698  |8 0  |0 0  |1 0  |4 0  |d 2010-03-09  |l 0  |r 2026-02-21 20:18:42  |w 2026-02-21 
952 |a SNK  |b SNK  |y PREZ  |7 0  |p 17A0477731  |o snkČSB 4734/13/2005 D1  |i snk2005/21333  |8 0  |0 0  |1 0  |4 0  |d 2005-12-19  |l 0  |r 2026-02-21 20:21:43  |w 2026-02-21 
952 |a SNK  |b SNK  |y PREZ  |7 0  |p 17A0672812  |o snkČSB 4734/18/2010 D1  |i snk2011/19477  |8 0  |0 0  |1 0  |4 0  |d 2011-09-20  |l 0  |r 2026-02-21 20:22:27  |w 2026-02-21 
952 |a SNK  |b SNK  |y PREZ  |7 0  |p 17A0672811  |o snkČSB 4734/18/2010   |i snk2011/19475  |8 0  |f 1  |0 0  |1 0  |4 0  |d 2011-09-20  |l 0  |r 2026-02-21 20:22:27  |w 2026-02-21 
952 |a SNK  |b SNK  |y PREZ  |7 0  |p 17A1030417  |o snkČSB 4734/19/2011   |i snk2012/11557  |8 0  |f 1  |0 0  |1 0  |4 0  |d 2012-06-13  |l 0  |r 2026-02-21 20:23:24  |w 2026-02-21 
952 |a SNK  |b SNK  |y PREZ  |7 0  |p 17A0866360  |o snkČSB 4734/20/2011  |i snk2012/19064  |8 0  |z Číslo poskytuje informácie o činnosti múzea v roku 2011 ; vydané v roku 2012  |f 1  |0 0  |1 0  |4 0  |d 2012-09-26  |l 0  |r 2026-02-21 20:30:52  |w 2026-02-21 
952 |a SNK  |b SNK  |y PREZ  |7 0  |p 17A0866361  |o snkČSB 4734/20/2011 D1  |i snk2012/19065  |8 0  |z Číslo poskytuje informácie o činnosti múzea v roku 2011 ; vydané v roku 2012  |0 0  |1 0  |4 0  |d 2012-09-26  |l 0  |r 2026-02-21 20:30:52  |w 2026-02-21 
952 |a SNK  |b SNK  |y PREZ  |7 0  |p 17A0859208  |o snkČSB 4734/21/2012  |i snk2014/4547  |8 0  |z Číslo poskytuje informácie o činnosti múzea v roku 2012 ; vydané v roku 2013  |f 1  |0 0  |1 0  |4 0  |d 2014-02-13  |l 0  |r 2026-02-21 20:32:30  |w 2026-02-21 
952 |a SNK  |b SNK  |y PREZ  |7 0  |p 17A0859209  |o snkČSB 4734/21/2012 D1  |i snk2014/4548  |8 0  |z Číslo poskytuje informácie o činnosti múzea v roku 2012 ; vydané v roku 2013  |0 0  |1 0  |4 0  |d 2014-02-13  |l 0  |r 2026-02-21 20:32:30  |w 2026-02-21 
952 |a SNK  |b SNK  |y PREZ  |7 0  |p 17A0534449  |o snkČSB 4734/14/2006  |i snk2007/7950  |8 0  |f 1  |0 0  |1 0  |4 0  |d 2007-03-21  |l 0  |r 2026-02-21 20:38:29  |w 2026-02-21 
952 |a SNK  |b SNK  |y PREZ  |7 0  |p 17A0534450  |o snkČSB 4734/14/2006 D1  |i snk2007/7951  |8 0  |0 0  |1 0  |4 0  |d 2007-03-21  |l 0  |r 2026-02-21 20:38:29  |w 2026-02-21 
952 |a SNK  |b SNK  |y PREZ  |7 0  |p 17A0293684  |o snkČSB 4734/1999/7  |i snkKSP 3849/2001  |f 1  |0 0  |1 0  |4 0  |d 2001-03-14  |l 0  |r 2005-01-02 00:00:00  |w 2026-02-21 
952 |a SNK  |b SNK  |y PREZ  |7 0  |p 17A0293683  |o snkČSB 4734/1999/7 D1  |i snkKSP 3850/2001  |0 0  |1 0  |4 0  |d 2001-03-14  |l 0  |r 2005-01-02 00:00:00  |w 2026-02-21 
952 |a SNK  |b SNK  |y PREZ  |7 0  |p 17A0871093  |o snkČSB 4734/22/2013  |i snk2015/1234  |8 0  |z Číslo poskytuje informácie o činnosti múzea v roku 2013 ; vydané v roku 2014  |f 1  |0 0  |1 0  |4 0  |d 2015-01-16  |l 0  |r 2026-02-21 20:51:51  |w 2026-02-21 
952 |a SNK  |b SNK  |y PREZ  |7 0  |p 17A0871094  |o snkČSB 4734/22/2013 D1  |i snk2015/1240  |8 0  |z Číslo poskytuje informácie o činnosti múzea v roku 2013 ; vydané v roku 2014  |0 0  |1 0  |4 0  |d 2015-01-16  |l 0  |r 2026-02-21 20:51:51  |w 2026-02-21 
952 |a SNK  |b SNK  |y PREZ  |7 0  |p 17A1030418  |o snkČSB 4734/19/2011 D1   |i snk2012/11558  |8 0  |0 0  |1 0  |4 0  |d 2012-06-13  |l 0  |r 2026-02-21 21:02:03  |w 2026-02-21 
952 |a SNK  |b SNK  |y PREZ  |7 0  |p 17A1204338  |o snkČSB 4734/24/2015  |i snk2016/29106  |8 0  |z Číslo poskytuje informácie o činnosti múzea v roku 2015 ; vydané v roku 2016  |f 1  |0 0  |1 0  |4 0  |d 2016-12-27  |l 0  |r 2026-02-21 21:04:39  |w 2026-02-21 
952 |a SNK  |b SNK  |y PREZ  |7 0  |p 17A0582908  |o snkČSB 4734/15/2007   |i snk2008/10230  |8 0  |f 1  |0 0  |1 0  |4 0  |d 2008-05-12  |l 0  |r 2026-02-21 21:12:11  |w 2026-02-21 
952 |a SNK  |b SNK  |y PREZ  |7 0  |p 17A0347450  |o snkČSB 4734/2000/8  |i snkKSP 7260/2002  |f 1  |0 0  |1 0  |4 0  |d 2002-06-07  |l 0  |r 2005-01-02 00:00:00  |w 2026-02-21 
952 |a SNK  |b SNK  |y PREZ  |7 0  |p 17A0347451  |o snkČSB 4734/2000/8 D1  |i snkKSP 7261/2002  |0 0  |1 0  |4 0  |d 2002-06-07  |l 0  |r 2005-01-02 00:00:00  |w 2026-02-21 
952 |a SNK  |b SNK  |y PREZ  |7 0  |p 17A0446476  |o snkČSB 4734/12/2004  |i snk2005/5926  |8 0  |f 1  |0 0  |1 0  |4 0  |d 2005-04-12  |l 0  |r 2026-02-21 21:21:03  |w 2026-02-21 
952 |a SNK  |b SNK  |y PREZ  |7 0  |p 17A0446477  |o snkČSB 4734/12/2004 D1  |i snk2005/5927  |8 0  |0 0  |1 0  |4 0  |d 2005-04-12  |l 0  |r 2026-02-21 21:21:03  |w 2026-02-21 
952 |a SNK  |b SNK  |y PREZ  |7 0  |p 17A0185641  |o snkČSB 4734/1997/5  |i snkKSP 2823/99  |f 1  |0 0  |1 0  |4 0  |d 1999-03-16  |l 0  |r 2005-01-02 00:00:00  |w 2026-02-21 
952 |a SNK  |b SNK  |y PREZ  |7 0  |p 17A0185640  |o snkČSB 4734/1997/5 D1  |i snkKSP 2824/99  |0 0  |1 0  |4 0  |d 1999-03-16  |l 0  |r 2005-01-02 00:00:00  |w 2026-02-21 
952 |a SNK  |b SNK  |y PREZ  |7 0  |p 17A0185648  |o snkČSB 4734/1993/1  |i snkKSP 2829/99  |f 1  |0 0  |1 0  |4 0  |d 1999-03-16  |l 0  |r 2005-01-02 00:00:00  |w 2026-02-21 
952 |a SNK  |b SNK  |y PREZ  |7 0  |p 17A0185647  |o snkČSB 4734/1993/1 D1  |i snkKSP 2830/99  |0 0  |1 0  |4 0  |d 1999-03-16  |l 0  |r 2005-01-02 00:00:00  |w 2026-02-21 
952 |a SNK  |b SNK  |y PREZ  |7 0  |p 17A0185646  |o snkČSB 4734/1994/2  |i snkKSP 2827/99  |f 1  |0 0  |1 0  |4 0  |d 1999-03-16  |l 0  |r 2005-01-02 00:00:00  |w 2026-02-21 
952 |a SNK  |b SNK  |y PREZ  |7 0  |p 17A0185645  |o snkČSB 4734/1994/2 D1  |i snkKSP 2828/99  |0 0  |1 0  |4 0  |d 1999-03-16  |l 0  |r 2005-01-02 00:00:00  |w 2026-02-21 
952 |a SNK  |b SNK  |y PREZ  |7 0  |p 17A0185644  |o snkČSB 4734/1995/3  |i snkKSP 2825/99  |f 1  |0 0  |1 0  |4 0  |d 1999-03-16  |l 0  |r 2005-01-02 00:00:00  |w 2026-02-21 
952 |a SNK  |b SNK  |y PREZ  |7 0  |p 17A0185643  |o snkČSB 4734/1995/3 D1  |i snkKSP 2826/99  |0 0  |1 0  |4 0  |d 1999-03-16  |l 0  |r 2005-01-02 00:00:00  |w 2026-02-21 
952 |a SNK  |b SNK  |y PREZ  |7 0  |p 17A0185650  |o snkČSB 4734/1996/4  |i snkKSP 2831/99  |f 1  |0 0  |1 0  |4 0  |d 1999-03-16  |l 0  |r 2005-01-02 00:00:00  |w 2026-02-21 
952 |a SNK  |b SNK  |y PREZ  |7 0  |p 17A0185649  |o snkČSB 4734/1996/4 D1  |i snkKSP 2832/99  |0 0  |1 0  |4 0  |d 1999-03-16  |l 0  |r 2005-01-02 00:00:00  |w 2026-02-21 
952 |a SNK  |b SNK  |y PREZ  |7 0  |p 17A0185652  |o snkČSB 4734/1998/6  |i snkKSP 2833/99  |f 1  |0 0  |1 0  |4 0  |d 1999-03-16  |l 0  |r 2005-01-02 00:00:00  |w 2026-02-21 
952 |a SNK  |b SNK  |y PREZ  |7 0  |p 17A0185651  |o snkČSB 4734/1998/6 D1  |i snkKSP 2834/99  |0 0  |1 0  |4 0  |d 1999-03-16  |l 0  |r 2005-01-02 00:00:00  |w 2026-02-21 
952 |a SNK  |b SNK  |y PREZ  |7 0  |p 17A1433591  |o snkČSB 4734/26/2017  |i snk2021/5810  |8 1  |z Číslo 1 poskytuje informácie o činnosti múzea za rok 2017 (v tiráži uvedené: Ochrana prírody a jaskyniarstvo v roku 2017 z pohľadu múzea)  |f 1  |0 0  |1 0  |4 0  |d 2021-05-27  |l 0  |r 2026-02-21 21:29:20  |w 2026-02-21 
952 |a SNK  |b SNK  |y PREZ  |7 0  |p 17A1433592  |o snkČSB 4734/26/2017 D1  |i snk2021/5812  |8 1  |z Číslo 1 poskytuje informácie o činnosti múzea za rok 2017 (v tiráži uvedené: Ochrana prírody a jaskyniarstvo v roku 2017 z pohľadu múzea)  |0 0  |1 0  |4 0  |d 2021-05-27  |l 0  |r 2026-02-21 21:29:20  |w 2026-02-21 
952 |t č. 1-2  |a SNK  |b SNK  |y PREZ  |7 0  |p 17A1433593  |o snkČSB 4734/27/2018  |i snk2021/5824  |8 1  |z Číslo 1, 2 poskytuje informácie o činnosti múzea za rok 2018 (v tiráži uvedené: Ochrana prírody a jaskyniarstvo v roku 2018 z pohľadu múzea) ; v úvode č. 2 sa píše o mimoriadne vychádzajúcom čísle, ktoré je venované 100-ročnému výročiu vzniku štátnej ochrany prírody na Slovensku  |f 1  |0 0  |1 0  |4 0  |d 2021-05-27  |l 0  |r 2026-02-21 21:29:20  |w 2026-02-21 
952 |t č. 1-2  |a SNK  |b SNK  |y PREZ  |7 0  |p 17A1433594  |o snkČSB 4734/27/2018 D1  |i snk2021/5827  |8 1  |z Číslo 1, 2 poskytuje informácie o činnosti múzea za rok 2018 (v tiráži uvedené: Ochrana prírody a jaskyniarstvo v roku 2018 z pohľadu múzea) ; v úvode č. 2 sa píše o mimoriadne vychádzajúcom čísle, ktoré je venované 100-ročnému výročiu vzniku štátnej ochrany prírody na Slovensku  |0 0  |1 0  |4 0  |d 2021-05-27  |l 0  |r 2026-02-21 21:29:20  |w 2026-02-21 
952 |a SNK  |b SNK  |y PREZ  |7 0  |p 17A1433595  |o snkČSB 4734/28/2019  |i snk2021/5828  |8 1  |z Číslo poskytuje informácie o činnosti múzea za rok 2019 (v tiráži uvedené: Ochrana prírody a jaskyniarstvo v roku 2019 z pohľadu múzea) ; vydané v r. 2020  |f 1  |0 0  |1 0  |4 0  |d 2021-05-27  |l 0  |r 2026-02-21 21:29:20  |w 2026-02-21 
952 |a SNK  |b SNK  |y PREZ  |7 0  |p 17A0635054  |o snkČSB 4734/16/2008  |i snk2010/4695  |8 0  |f 1  |0 0  |1 0  |4 0  |d 2010-03-09  |l 0  |r 2026-02-21 21:41:57  |w 2026-02-21 
952 |a SNK  |b SNK  |y PREZ  |7 0  |p 17A0635055  |o snkČSB 4734/16/2008 D1  |i snk2010/4696  |8 0  |0 0  |1 0  |4 0  |d 2010-03-09  |l 0  |r 2026-02-21 21:41:57  |w 2026-02-21 
952 |a SNK  |b SNK  |y PREZ  |7 0  |p 17A1085169  |o snkČSB 4734/23/2014  |i snk2015/34044  |8 0  |z Číslo poskytuje informácie o činnosti múzea v roku 2014 ; vydané v roku 2015  |f 1  |0 0  |1 0  |4 0  |d 2015-12-29  |l 0  |r 2026-02-21 21:53:28  |w 2026-02-21 
952 |a SNK  |b SNK  |y PREZ  |7 0  |p 17A1085168  |o snkČSB 4734/23/2014 D1  |i snk2015/34045  |8 0  |z Číslo poskytuje informácie o činnosti múzea v roku 2014 ; vydané v roku 2015  |0 0  |1 0  |4 0  |d 2015-12-29  |l 0  |r 2026-02-21 21:53:28  |w 2026-02-21 
952 |a SNK  |b SNK  |y PREZ  |7 0  |p 17A1264420  |o snkČSB 4734/25/2016  |i snk2017/26142  |8 0  |z Číslo poskytuje informácie o činnosti múzea v roku 2016, v tiráži chybne uvedený rok 2015 ; vydané v roku 2017 ; ;   |f 1  |0 0  |1 0  |4 0  |d 2017-11-27  |l 0  |r 2026-02-21 22:11:38  |w 2026-02-21 
952 |a SNK  |b SNK  |y PREZ  |7 0  |p 17A1264421  |o snkČSB 4734/25/2016 D1  |i snk2017/26147  |8 0  |z Číslo poskytuje informácie o činnosti múzea v roku 2016, v tiráži chybne uvedený rok 2015 ; vydané v roku 2017 ; ; ; ;   |0 0  |1 0  |4 0  |d 2017-11-27  |l 0  |r 2026-02-21 22:11:38  |w 2026-02-21